• 首页
  • 本馆介绍
  • 公告通知
  • 最新文献
  • 馆藏检索
  • 电子资源
  • 读者导购
  • 参考咨询
  • 我的图书馆
  • 登录
  • 详细信息显示
  • 放入我的书架
  • 预约/预借图书
  • 作者相关作品
  • 分类相关作品
  • 丛书相关作品
  • 出版社相关作品

书目信息

  • 表格格式
  • 工作单格式
  • 卡片格式
题名:
现代水资源分析与评价
    
 
作者: 王开章 主编
分册:  
出版信息: 北京   化学工业出版社  2006
页数: 231页
开本: 24cm
丛书名:
单 册:
中图分类: TV211.1
科图分类:
主题词: 水资源--水文分析 , 水资源--评价 , 水资源 , 水文分析
电子资源:
ISBN: 7-5025-8650-4
000 00928nam0 2200265 450
001 012007070884
005 20070523093109.78
010    @a7-5025-8650-4@dCNY30.00
100    @a20070515d2006 km y0chiy0120 ea
101 0  @achi
102    @aCN@b110000
105    @ay z 000yy
106    @ar
200 1  @a现代水资源分析与评价@Axian dai shui zi yuan fen xi yu ping jia@f王开章主编@Fwang kai zhang zhu bian
210    @a北京@c化学工业出版社@d2006
215    @a231页@d24cm
330    @a本书从现代水资源系统理论出发,系统阐述了水资源评价目的、意义、基本理论及技术方法,详细介绍了现代水资源评价的理论框架、评价类型及经典方法与现代方法的结合等内容。全书依据水利、国土等部门的相关规范。
606 0  @a水资源@x水文分析
606 0  @a水资源@x评价
606 0  @a水资源
606 0  @a水文分析
690    @aTV211.1@v4
701  0 @a王开章@Awang kai zhang@f(1949~)@4主编
801  0 @aCN@bRULIN@c20070523
905    @dTV211.1@e37@s8
    
    现代水资源分析与评价/王开章主编.-北京:化学工业出版社,2006
    231页;24cm
    
    
    ISBN 7-5025-8650-4:CNY30.00
    本书从现代水资源系统理论出发,系统阐述了水资源评价目的、意义、基本理论及技术方法,详细介绍了现代水资源评价的理论框架、评价类型及经典方法与现代方法的结合等内容。全书依据水利、国土等部门的相关规范。
●
相关链接 在E读中查询图书 在五车中查询图书 在当当中查询图书 在豆瓣中查询图书


正题名:现代水资源分析与评价     索取号:TV211.1/37         预约/预借

序号 登录号 条形码 馆藏地/架位号 状态 备注
1 0576746   205767464   第二样本阅览室/ [索取号:TV211.1/37] 在馆    
2 0576747   205767473   第三借阅区/ [索取号:TV211.1/37] 在馆    
3 0576748   205767482   第三借阅区/ [索取号:TV211.1/37] 在馆    
4 0576749   205767491   第三借阅区/ [索取号:TV211.1/37] 在馆    
5 0576750   205767507   第三借阅区/ [索取号:TV211.1/37] 在馆    
6 0576751   205767516   第三借阅区/ [索取号:TV211.1/37] 在馆    
7 0576752   205767525   第三借阅区/ [索取号:TV211.1/37] 在馆    
8 0576753   205767534   第三借阅区/ [索取号:TV211.1/37] 在馆    
唐山师范学院图书馆 欢迎您!
大连网信软件有限公司© 版权所有